| 000 | 00517nam a22001457a 4500 | ||
|---|---|---|---|
| 082 | _a 200 | ||
| 100 |
_aNabeel Amjad _972825 |
||
| 245 |
_aAligning Technology Strategy with Business Strategy CASE STUDY ON PTCL/ _cNabeel Amjad |
||
| 260 |
_aRawalpindi _bNUST COLLEGE OF EME _c2012. |
||
| 300 |
_a115,p; _bill; _c30,cm. |
||
| 650 |
_aPhD-Engineering Management _9124516 |
||
| 700 |
_aSupervisor;Dr.Muhammad Abbas Choudhary _9124520 |
||
| 856 | _uhttp://10.250.8.41:8080/xmlui/handle/123456789/27017 | ||
| 942 |
_cSC _2ddc |
||
| 999 |
_c578809 _d578809 |
||